The most evil people 1900-present - Statistics

General Stats
  • This quiz has been taken 281 times
  • The average score is 4 of 12
Answer Stats
Hint Answer % Correct
^Same as above^ Joseph Stalin
91%
Caused a stir in China Mao Zedong
76%
You don't even need a hint for this one Adolf Hitler
60%
The worst that Africa had to offer Idi Amin
45%
Communist and committed genocide of his own people Pol Pot
39%
Keeps a Japanese man named Shinji as a slave and treats him badly David Moyes
34%
Ruined everyone's year in 1986 Diego Maradona
13%
The architect of a real life version of '1984' Kim Il Sung
12%
He wore a fez Talat Pasha
7%
A corrupt Swiss man Sepp Blatter
3%
A corrupt French man Michel Platini
2%
Tried to bring Britain to its knees Arthur Scargill
0%
No matching quizzes found
Score Distribution
Percent of People with Each Score
Percentile by Number Answered
Your Score History
You have not taken this quiz